| 000 | 00772nam a22002417a 4500 | ||
|---|---|---|---|
| 999 |
_c165890 _d165890 |
||
| 005 | 20190704120357.0 | ||
| 010 | _aA-318574 | ||
| 020 |
_a- _c75.00 |
||
| 035 | _aA-318574 | ||
| 037 |
_bBPPD/Ven. _adpl |
||
| 082 | _a846 | ||
| 100 | _aمر تبہ :خليق ا نجم | ||
| 245 |
_aغا لب کے خطو ط(جلد سو م ) _cمر تبہ :خليق ا نجم _hUrdu |
||
| 246 |
_aghalib ke Khatoot (Urdu) _bEd.by Khalique Anjum |
||
| 250 | _a1987 | ||
| 260 |
_aN.Delhi -2 _bGhalib Institute |
||
| 270 | _aEvane Ghalib Marg, | ||
| 300 |
_a424ص _c22cm(Hbk) |
||
| 490 | _aJaico illustrated classics series | ||
| 942 |
_2ddc _cUR _mغ ا ل _h846 |
||